Gu dai ru jia zhe xue pi pan.

Saved in:
Bibliographic Details
Main Author: Zhao, Jibin, 1905-1982.
Format: Book
Language:Chinese
Published: Shanghai : Zhonghua shu ju, 1950.
Subjects:
Tags: Add Tag
No Tags, Be the first to tag this record!
LEADER 00644cam a2200205ui 4500
001 007724357-9
005 20024617110921.0
008 951019s1950 cc 000 0 chi d
035 0 |a ocm33331236 
040 |a *CVU*  |c *CVU*  |d *YNH*  |d CStRLIN 
100 1 |6 880-01  |a Zhao, Jibin,  |d 1905-1982. 
245 1 0 |6 880-02  |a Gu dai ru jia zhe xue pi pan. 
260 |6 880-03  |a Shanghai :  |b Zhonghua shu ju,  |c 1950. 
300 |a 4, 2, 146 p. ;  |c 18 cm. 
650 0 |a Philosophy, Confucian. 
880 1 |6 100-01  |a 趙紀彬,  |d 1905-1982. 
880 1 0 |6 245-02  |a 古代儒家哲學批判. 
880 |6 260-03  |a 上海 :  |b 中華書局,  |c 1950. 
988 |a 20021108 
906 |0 OCLC